Central Library OPAC University of Rajshahi

The ancient world : (Record no. 24790)

MARC details
000 -LEADER
fixed length control field 00835cam a22002651 4500
001 - CONTROL NUMBER
control field 24790
003 - CONTROL NUMBER IDENTIFIER
rucl marc code BD-RjUL
005 - DATE AND TIME OF LATEST TRANSACTION
control field 20211209001111.0
008 - FIXED-LENGTH DATA ELEMENTS--GENERAL INFORMATION
fixed length control field 140315s19481948enkacb 001 0 eng
035 ## - SYSTEM CONTROL NUMBER
System control number (BD-RjUL)24859
System control number (OCoLC)25406568
040 ## - CATALOGING SOURCE
Original cataloging agency DLC
Transcribing agency CU
Modifying agency DLC
Language of cataloging eng
041 ## - LANGUAGE CODE
Language code of text/sound track or separate title eng
082 ## - DEWEY DECIMAL CLASSIFICATION NUMBER
Classification number 930
Author mark and year GLA 1948
100 1# - MAIN ENTRY--PERSONAL NAME
Personal name Glover, T. R.
Fuller form of name (Terrot Reaveley),
Dates associated with a name 1869-1943
9 (RLIN) 76314
245 14 - TITLE STATEMENT
Title The ancient world :
Remainder of title a beginning /
Statement of responsibility, etc. by T. R. Glover ...
260 ## - PUBLICATION, DISTRIBUTION, ETC. (IMPRINT)
Place of publication, distribution, etc. London and New York :
Name of publisher, distributor, etc. Penguin books,
Date of publication, distribution, etc. C1944 [Reprinting 1948]
300 ## - PHYSICAL DESCRIPTION
Pagination 288 p. :
Size 18 cm.
Illustrations illus. (incl. maps) ;
490 0# - SERIES STATEMENT
Series statement Pelican books, [A120]
500 ## - GENERAL NOTE
General note "First published ... 1935; published in Pelican books 1944."
650 #0 - SUBJECT ADDED ENTRY--TOPICAL TERM
Topical term or geographic name as entry element History, Ancient.
9 (RLIN) 76315
942 ## - ADDED ENTRY ELEMENTS (KOHA)
Source of classification or shelving scheme Dewey Decimal Classification
Koha item type Books
Holdings
Lost status Source of classification or shelving scheme Damaged status Not for loan Collection code Permanent Location Current Location Shelving location Date acquired Source of acquisition Cost, normal purchase price Total Checkouts Full call number Date last seen Copy number Koha item type
  Dewey Decimal Classification   Added to bundle Non-fiction Central Library, University of Rajshahi Central Library, University of Rajshahi Reading Room 27/04/1966 Australia 0.00   930 GLA 1948 15/03/2014 C-1 Books